000 00357 a2200157 4500
001 59966
020 _a8572632115
040 _cAnchieta - Pituba
100 _aPassoni, Célia
240 1 0 _aFuvest 2003
_lpor
245 1 0 _aFuvest 2003
300 _a220
362 0 _a2002
650 4 _a. Vestibulares / Exames de admissão em universidades
942 _cBK
999 _c59966
_d59966